=LDR 00000nam 2200000 4500 =001 INLIS000000000005804 =005 20130612094014 =008 ***********************************Ind** =035 ##$$0010-061300000005804 =041 ##$$a Ind =082 ##$$a 796 =090 ##$$a 796, Bua p =100 ##$$a BUanajaya, B. Sidartanto =245 ##$$a Pembina vitalitas energi hidup, B. Sidartanto BuanaKaya =260 ##$$a 1992 $b Solo =300 ##$$a 79 hln., ilus, 21 cm =850 ##$$a NBPNMAT